Directory of toxicological and related testing laboratories/ (Record no. 114038)

MARC details
000 -LEADER
fixed length control field 00665nam a2200217 a 4500
008 - FIXED-LENGTH DATA ELEMENTS--GENERAL INFORMATION
fixed length control field
020 ## - INTERNATIONAL STANDARD BOOK NUMBER
International Standard Book Number 0891169040(pbk)
049 ## - LOCAL HOLDINGS (OCLC)
Holding library MAIN
090 ## - LOCALLY ASSIGNED LC-TYPE CALL NUMBER (OCLC); LOCAL CALL NUMBER (RLIN)
Classification number (OCLC) (R) ; Classification number, CALL (RLIN) (NR) RA1193.7
003 - CONTROL NUMBER IDENTIFIER
control field
005 - DATE AND TIME OF LATEST TRANSACTION
control field 20230120203928.0
040 ## - CATALOGING SOURCE
Transcribing agency NUST
100 1# - MAIN ENTRY--PERSONAL NAME
Personal name Regulatory Assistance Corporation.
245 10 - TITLE STATEMENT
Title Directory of toxicological and related testing laboratories/
Statement of responsibility, etc. Regulatory Assistance Corporation.
260 ## - PUBLICATION, DISTRIBUTION, ETC.
Place of publication, distribution, etc. New York :
Name of publisher, distributor, etc. Hemisphere Publishing ;
Date of publication, distribution, etc. c1991.
300 ## - PHYSICAL DESCRIPTION
Extent 1st ed.
300 ## - PHYSICAL DESCRIPTION
Extent xiii, 103 p.:
Dimensions 23 cm.
650 #1 - SUBJECT ADDED ENTRY--TOPICAL TERM
Topical term or geographic name entry element Toxicology laboratories.
907 ## - LOCAL DATA ELEMENT G, LDG (RLIN)
a .b10199251
b 24-04-06
c 22-04-06
942 ## - ADDED ENTRY ELEMENTS (KOHA)
Koha item type Ordinary Loan Books
Call number prefix RA1193.7
Holdings
Date last seen Total Checkouts Full call number Barcode Accession number Cost, replacement price Price effective from Koha item type Public note Lost status Source of classification or shelving scheme Damaged status Not for loan Collection Withdrawn status Home library Current library Shelving location Date acquired Source of acquisition Cost, normal purchase price
01/20/2023   RG951 DIR 92004002953 16170 30.00 05/16/2023 BOOKS Donation   LCC     NFIC   Medical Medical GEN 05/16/2023 Book Aid International 30.00